Kiếp phù du
שמור ב:
| מחבר ראשי: | |
|---|---|
| פורמט: | ספר |
| שפה: | Undetermined |
| יצא לאור: |
Hà Nội
Lao động
2008
|
| נושאים: | |
| תגים: |
הוספת תג
אין תגיות, היה/י הראשונ/ה לתייג את הרשומה!
|
| Thư viện lưu trữ: | Trung tâm Học liệu Trường Đại học Cần Thơ |
|---|
| LEADER | 00583nam a2200205Ia 4500 | ||
|---|---|---|---|
| 001 | CTU_181114 | ||
| 008 | 210402s9999 xx 000 0 und d | ||
| 020 | |c 53000 | ||
| 082 | |a 895.92234 | ||
| 082 | |b Nh512 | ||
| 100 | |a Dương, Thị Nhụn | ||
| 245 | 0 | |a Kiếp phù du | |
| 245 | 0 | |c Dương Thị Nhụn | |
| 260 | |a Hà Nội | ||
| 260 | |b Lao động | ||
| 260 | |c 2008 | ||
| 650 | |a Vietnamese fiction,Tiểu thuyết Việt Nam | ||
| 650 | |y 21st century,Thế kỷ 21 | ||
| 904 | |i Hải | ||
| 980 | |a Trung tâm Học liệu Trường Đại học Cần Thơ | ||